000
00305nam a22001337a 4500
008
181022b xxu||||| |||| 00| 0 eng d
020
_a
9780071398763
041
_a
eng
080
_a
330
100
_a
59
101
_a
BUS
245
_a
Business Statistics Crash.Course
_c
Kazmier.L.J
942
_2
udc
_c
BK
999
_c
50345
_d
50345